Monkey, Shakespeare, Typewriter, Cybersecurity for Everyone (Record no. 828)

MARC details
000 -LEADER
Fixed length control field 00562nam a2200193 4500
003 - CONTROL NUMBER IDENTIFIER
Control field SEACOMEC
005 - DATE AND TIME OF LATEST TRANSACTION
Control field 20240319120111.0
008 - FIXED-LENGTH DATA ELEMENTS--GENERAL INFORMATION
Fixed length control field 240319b |||||||| |||| 00| 0 eng d
020 ## - INTERNATIONAL STANDARD BOOK NUMBER / ISBN
International Standard Book Number 978-93-92834-09-7
Price Rs.395.00
040 ## - CATALOGING SOURCE
Original cataloging agency SEACOMEC
041 ## - LANGUAGE CODE
Language code English
082 ## - DEWEY DECIMAL CLASSIFICATION NUMBER
Classification number 006.333
Book Number K95
100 ## - MAIN ENTRY--PERSONAL NAME
Personal name Kunthe, Chaitanya
245 ## - TITLE STATEMENT
Title Monkey, Shakespeare, Typewriter, Cybersecurity for Everyone
Statement of responsibility Chaitanya Kunthe
260 ## - IMPRINT
Place of publication UP
Name of publisher ON Book International
Date of publication 2022
300 ## - PHYSICAL DESCRIPTION
Page / Vol. No 176p
Dimensions 22CM
650 ## - SUBJECT ADDED ENTRY--TOPICAL TERM
Topical term Computer Science
Form subdivision Artificial intelligence
942 ## - ADDED ENTRY ELEMENTS (KOHA)
Koha item type Books
Holdings
Withdrawn status Lost status Source of classification Damaged status Not for loan Home library Current library Date acquired Total Checkouts Call number Accession number Date last seen Price effective from Koha item type Copy number
    Dewey Decimal Classification     SEACOM ENGINEERING COLLEGE SEACOM ENGINEERING COLLEGE 19/03/2024   006.333 K95 21481 19/03/2024 19/03/2024 Books  
    Dewey Decimal Classification     SEACOM ENGINEERING COLLEGE SEACOM ENGINEERING COLLEGE 19/03/2024   006.333 K95 21482 19/03/2024 19/03/2024 Books 1
    Dewey Decimal Classification     SEACOM ENGINEERING COLLEGE SEACOM ENGINEERING COLLEGE 19/03/2024   006.333 K95 21483 19/03/2024 19/03/2024 Books 2
    Dewey Decimal Classification     SEACOM ENGINEERING COLLEGE SEACOM ENGINEERING COLLEGE 19/03/2024   006.333 K95 21484 19/03/2024 19/03/2024 Books 3
© Seacom Engineering College, All rights reserved.      Powered by Koha